000 01461nam a2200445 i 4500
001 14414
003 KOSZ 005
005 20211014132950.0
008 070608s1972 pl a f 000 0 pol
015 _aPB 1972/4433
035 _a991036266029705066
035 _a(PL-WaBN)b19743105-48omnis_nlop
035 _ab19743105
035 _a(OCoLC)751493747
035 _a(PL)b0000001974310
035 _a(EXLNZ-48OMNIS_NETWORK)9910265626605606
040 _aWA N
_cWA N
_dKOSZ 005/RW
046 _k1972
080 _a666.3/.7
100 1 _aOstrowski, Tadeusz
_eAutor
245 1 0 _aMateriały ogniotrwałe :
_bsurowce, wyroby, technologia, urządzenia produkcyjne /
_cTadeusz Ostrowski.
260 _aKatowice :
_b"Śląsk",
_c1972.
300 _a407 stron :
_bilustracje ;
_c22 cm.
336 _aTekst
_btxt
_2rdacontent
337 _aBez urządzenia pośredniczącego
_bn
_2rdamedia
338 _aWolumin
_bnc
_2rdacarrier
380 _aKsiążki
388 _a1901-2000
504 _aBibliografia na stronach 406-407.
650 7 _aMateriały ogniotrwałe
_2DBN
658 _aChemia
658 _aInżynieria i technika
650 7 _aTechnologia
650 7 _aMaszyny
650 7 _aPrzemysł
710 2 _aWydawnictwo "Śląsk"
_4pbl
856 _uhttp://koha.tu.koszalin.pl/cgi-bin/koha/opac-detail.pl?biblionumber=14414
_yKatalog online BPK
942 _2UKD
_cKS
999 _c14414
_d14414